zpět

Detail výsledku týmu

Koruna, Břeclav

Datum a čas kvízu

30.5 Celkem bodů Celkový počet nahraných bodů na tomto kvízu bez doplňovacích otázek.
10. Pořadí na kvízu Konečné umístění týmu na tomto kvízu.

Zaznamenané odpovědi

# Otázka Odpověď Body Výsledky
1. V Praze minulý týden skončila... Negrelliho viadukt 0
2. V sobotu začala nová epocha do... Crew Dragon 1
3. V neděli se konalo finále pěve... Monika Bagárová 1
4. Který z našich mobilních operá... Vodafone 1
5. První tuzemská tenisová akce p... Petra Kvitová 1
6. Napište výraz čítající osm pís... nanismus 1
7. Na fotce vlevo je herec jménem... dr. Zloun / dr. Evil 0
8. Mezi hlavní postavy Pevnosti B... Paklíč a Pačes 1
9. Příběh o Sněhurce jistě nemusí... Šmudla, Kejchal 1
10. Nejznámější trpasličí planetou... Charón 1